[Event "Dubai op 17th"]
[Site "Dubai"]
[Date "2015.04.12"]
[Round "7"]
[White "Saleh, Nabil"]
[Black "Ram, Aravind LN"]
[Result "0-1"]
[WhiteElo "2284"]
[BlackElo "2135"]
[PlyCount "64"]
[EventDate "2015.04.06"]
[EventType "swiss"]
[EventRounds "9"]
[EventCountry "UAE"]
[SourceTitle "CBM 165 Extra"]
[Source "ChessBase"]
[SourceDate "2015.04.21"]
[SourceVersion "1"]
[SourceVersionDate "2015.04.21"]
[SourceQuality "1"]

1. d4 b6 2. e4 Bb7 3. Bd3 e6 4. Nf3 d6 5. 0-0 Nf6 6. Re1 Be7 7. Nbd2 0-0 8. c3 c5 9. Nf1 cxd4 10. cxd4 d5 11. e5 Ne4 12. N3d2 Nxd2 13. Bxd2 Nc6 14. Qg4 g6 15. Ng3 Nb4 16. Bb1 Rc8 17. a3 Nc2 18. Bxc2 Rxc2 19. Bc3 Bc6 20. Nf1 Ba4 21. Ne3 Rxc3 22. bxc3 b5 23. Qh3 Kg7 24. Nd1 Qa5 25. Nb2 Rc8 26. Re3 Bc2 27. Qg3 h5 28. f4 b4 29. cxb4 Qb6 30. Rc1 Qxd4 31. Na4 Bh4 32. Qf3 Be4 0-1

[Event "Wch U12"]
[Site "Durban"]
[Date "2014.09.28"]
[Round "10"]
[White "Ram, Aravind LN"]
[Black "Petkov, Matey"]
[Result "1-0"]
[WhiteElo "2085"]
[BlackElo "1912"]
[PlyCount "59"]
[EventDate "2014.09.20"]
[EventType "swiss"]
[EventRounds "11"]
[EventCountry "RSA"]
[SourceTitle "CBM 162 Extra"]
[Source "ChessBase"]
[SourceDate "2014.10.17"]
[SourceVersion "1"]
[SourceVersionDate "2014.10.17"]
[SourceQuality "1"]

1. c4 e5 2. Nc3 Nf6 3. g3 Bb4 4. Bg2 0-0 5. e4 Nc6 6. Nge2 d6 7. 0-0 Bc5 8. d3 h6 9. h3 Be6 10. Kh2 Nd4 11. f4 c6 12. f5 Bd7 13. Nxd4 Bxd4 14. g4 g5 15. Qf3 Kg7 16. Ne2 c5 17. Nxd4 cxd4 18. h4 Ne8 19. hxg5 hxg5 20. Kg3 f6 21. Bd2 Nc7 22. Rh1 Qe7 23. Raf1 b5 24. Rh5 Qf7 25. Bxg5 fxg5 26. Rfh1 Qe8 27. f6+ Kg8 28. Rh8+ Kf7 29. R1h7+ Kg6 30. Rg7# 1-0

[Event "Wch U12"]
[Site "Durban"]
[Date "2014.09.27"]
[Round "9"]
[White "Paul, Justin"]
[Black "Ram, Aravind LN"]
[Result "0-1"]
[WhiteElo "1615"]
[BlackElo "2085"]
[PlyCount "118"]
[EventDate "2014.09.20"]
[EventType "swiss"]
[EventRounds "11"]
[EventCountry "RSA"]
[SourceTitle "CBM 162 Extra"]
[Source "ChessBase"]
[SourceDate "2014.10.17"]
[SourceVersion "1"]
[SourceVersionDate "2014.10.17"]
[SourceQuality "1"]

1. Nf3 Nf6 2. b3 g6 3. Bb2 Bg7 4. g3 0-0 5. Bg2 c5 6. c4 Nc6 7. 0-0 d5 8. cxd5 Nxd5 9. Bxg7 Kxg7 10. Nc3 Nf6 11. Na4 Qd6 12. Rc1 Nd7 13. Qc2 Nb4 14. Qb2+ e5 15. a3 Na6 16. Nc3 f5 17. e4 Nc7 18. Rfe1 f4 19. gxf4 Rxf4 20. Nd5 Ne6 21. Nxf4 Nxf4 22. Re3 b6 23. b4 Ba6 24. b5 Bb7 25. Bf1 Rf8 26. Bc4 Qf6 27. d3 Kh8 28. Kh1 g5 29. Rg1 h6 30. Rg3 Nh5 31. Rg4 Qg7 32. Nh4 Qh7 33. Nf3 Qe7 34. Rg2 Rf4 35. h3 Rf6 36. Nh2 Nf4 37. Rg1 Rg6 38. Reg3 h5 39. Nf1 h4 40. Rf3 Nf6 41. Kh2 Bc8 42. Ne3 Kh7 43. Nf5 Qc7 44. Qa2 Bxf5 45. exf5 Rg7 46. Rg4 Nxg4+ 47. hxg4 Qb7 48. Rxf4 gxf4 49. Bd5 Qe7 50. f3 Qf6 51. Be6 Qd8 52. Bd5 Kh8 53. Qc4 h3 54. Qe4 Qh4 55. Qe2 Qg3+ 56. Kh1 h2 57. Qf1 Rd7 58. Bc4 e4 59. dxe4 Rd2 0-1

[Event "Wch U12"]
[Site "Durban"]
[Date "2014.09.20"]
[Round "1"]
[White "Adrar, Sofiane"]
[Black "Ram, Aravind LN"]
[Result "0-1"]
[WhiteElo "1574"]
[BlackElo "2085"]
[PlyCount "66"]
[EventDate "2014.09.20"]
[EventType "swiss"]
[EventRounds "11"]
[EventCountry "RSA"]
[SourceTitle "CBM 162 Extra"]
[Source "ChessBase"]
[SourceDate "2014.10.17"]
[SourceVersion "1"]
[SourceVersionDate "2014.10.17"]
[SourceQuality "1"]

1. e4 c5 2. Nf3 e6 3. Nc3 a6 4. g3 Nc6 5. Bg2 d6 6. d3 Nf6 7. 0-0 Be7 8. a4 0-0 9. Re1 Qc7 10. Bf4 e5 11. Bg5 Be6 12. Nh4 h6 13. Bxf6 Bxf6 14. Nf5 Nd4 15. Ne3 Qd8 16. Ncd5 Bg5 17. c3 Bxe3 18. fxe3 Nc6 19. Qe2 Ne7 20. Rf1 Nxd5 21. exd5 Bd7 22. a5 f5 23. e4 Qg5 24. Bh3 g6 25. Rf2 Rf7 26. Raf1 Raf8 27. Qf3 fxe4 28. Qxf7+ Rxf7 29. Rxf7 Bf5 30. Rxb7 exd3 31. b4 d2 32. bxc5 Qe3+ 33. Kh1 d1Q 0-1

[Event "Abu Dhabi op 22nd"]
[Site "Abu Dhabi"]
[Date "2014.08.27"]
[Round "8"]
[White "Zayed, Ali Al Hamed"]
[Black "Ram, Aravind LN"]
[Result "1/2-1/2"]
[WhiteElo "1983"]
[BlackElo "2119"]
[PlyCount "51"]
[EventDate "2014.08.20"]
[EventType "swiss"]
[EventRounds "9"]
[EventCountry "UAE"]
[SourceTitle "CBM 162 Extra"]
[Source "ChessBase"]
[SourceDate "2014.10.17"]
[SourceVersion "1"]
[SourceVersionDate "2014.10.17"]
[SourceQuality "1"]

1. e4 c5 2. f4 Nc6 3. Nf3 d6 4. Bb5 g6 5. Bxc6+ bxc6 6. d3 Bg7 7. 0-0 Nf6 8. Nc3 Nd7 9. Qe1 0-0 10. Be3 Rb8 11. Rb1 e6 12. Qf2 f5 13. exf5 exf5 14. d4 cxd4 15. Nxd4 Bxd4 16. Bxd4 c5 17. Be3 Nf6 18. Qd2 Bb7 19. Rbd1 Qe8 20. Bf2 Qc6 21. Bh4 Rbd8 22. Bxf6 Rxf6 23. Nd5 Qxd5 24. Qxd5+ Bxd5 25. Rxd5 Re6 26. Kf2 1/2-1/2